Excavaciones en la ciudad hispanomusulmana de Vascos (Navalmorejo, Toledo) (Record no. 11318)
[ view plain ]
| 000 -LEADER | |
|---|---|
| campo de control de longitud fija | 01262nam a2200301 i 4500 |
| 001 - NÚMERO DE CONTROL | |
| campo de control | 11318 |
| 003 - IDENTIFICADOR DE NÚMERO DE CONTROL | |
| campo de control | ES-MaACL |
| 005 - FECHA Y HORA DE LA ÚLTIMA TRANSACCIÓN | |
| campo de control | 20230906150056.0 |
| 007 - CAMPO FIJO DE DESCRIPCIÓN FÍSICA--INFORMACIÓN GENERAL | |
| campo de control de longitud fija | t| |
| 008 - DATOS DE LONGITUD FIJA--INFORMACIÓN GENERAL | |
| campo de control de longitud fija | 940922s1994 sp |||| | spa |
| 020 ## - NÚMERO INTERNACIONAL ESTÁNDAR DEL LIBRO | |
| Número Internacional Estándar del Libro | 84-7788-301-7 |
| 080 ## - NÚMERO DE LA CLASIFICACIÓN DECIMAL UNIVERSAL | |
| Número de la Clasificación Decimal Universal | 904(460.285) |
| 100 1# - ENTRADA PRINCIPAL--NOMBRE DE PERSONA | |
| Nombre de persona | Izquierdo Benito, Ricardo. |
| 9 (RLIN) | 65720 |
| 245 10 - MENCIÓN DEL TÍTULO | |
| Título | Excavaciones en la ciudad hispanomusulmana de Vascos (Navalmorejo, Toledo) |
| Resto del título | : campañas 1983-1988 / |
| Mención de responsabilidad, etc. | Ricardo Izquierdo Benito, con la colaboración de Luis Braojos Largo ... [et al.]. |
| 246 34 - FORMA VARIANTE DEL TITULO | |
| Título propio/Titulo breve | Ciudad hispanomusulmana "Vascos" |
| 260 ## - PUBLICACIÓN, DISTRIBUCIÓN, ETC. | |
| Lugar de publicación, distribución, etc. | [Toledo] : |
| Nombre del editor, distribuidor, etc. | Servicio de Publicaciones de la Junta de Comunidades de Castilla-La Mancha, |
| Fecha de publicación, distribución, etc. | [1994] |
| 300 ## - DESCRIPCIÓN FÍSICA | |
| Extensión | 195 p : |
| Otras características físicas | il. ; |
| Dimensiones | 30 cm. |
| 490 1# - MENCIÓN DE SERIE | |
| Mención de serie | Patrimonio histórico-arqueología Castilla-La Mancha |
| 504 ## - NOTA DE BIBLIOGRAFÍA, ETC. | |
| Nota de bibliografía, etc. | Bibliografía: p. 193-195. |
| 650 #4 - PUNTO DE ACCESO ADICIONAL DE MATERIA--TÉRMINO DE MATERIA | |
| Término de materia o nombre geográfico como elemento de entrada | Excavaciones arqueológicas- |
| Subdivisión geográfica | Toledo (Provincia) |
| 9 (RLIN) | 12649 |
| 651 #4 - PUNTO DE ACCESO ADICIONAL DE MATERIA--NOMBRE GEOGRÁFICO | |
| Nombre geográfico | Vascos (Ciudad desaparecida) |
| 9 (RLIN) | 168867 |
| 651 #4 - PUNTO DE ACCESO ADICIONAL DE MATERIA--NOMBRE GEOGRÁFICO | |
| Nombre geográfico | Toledo (Provincia)- |
| Subdivisión general | Restos arqueológicos. |
| 9 (RLIN) | 168868 |
| 700 1# - ENTRADA AGREGADA--NOMBRE PERSONAL | |
| Nombre de persona | Braojos Largo, Luis. |
| 9 (RLIN) | 31379 |
| 710 1# - ENTRADA AGREGADA--NOMBRE DE ENTIDAD CORPORATIVA | |
| Nombre de entidad corporativa o nombre de jurisdicción como elemento de entrada | Castilla-La Mancha. |
| Unidad subordinada | Junta de Comunidades. |
| 9 (RLIN) | 2495 |
| 830 1# - PUNTO DE ACCESO ADICIONAL DE SERIE-TÍTULO UNIFORME | |
| Título uniforme | Patrimonio histórico-arqueología Castilla-La Mancha |
| 9 (RLIN) | 228193 |
| 852 ## - LOCALIZACIÓN | |
| Ubicación | ES-MaACL |
| Número de control de estantería | L-18634 |
| Estatus retirado | Estado de pérdida | Estado de daño | No para préstamo | Biblioteca de origen | Biblioteca actual | Ubicación en estantería | Fecha de adquisición | Fuente de adquisición | Total de préstamos | Signatura topográfica completa | Código de barras | Visto por última vez | Precio de reemplazo | Tipo de ítem Koha |
|---|---|---|---|---|---|---|---|---|---|---|---|---|---|---|
| Biblioteca del Ateneo de Madrid | Biblioteca del Ateneo de Madrid | Depósito 2 | 17/01/2008 | L-18634 | 1011541 | 23/02/2023 | 23/02/2023 | Libro impreso |
